Úspešná odborná diskusia o sústave VTI ZSSR

Bibliographic Details
Main Author: Krejčová, Margita (Author)
Format: Article
Language:Slovak
Subjects:

MARC

LEADER 00000nab a2200000 a 4500
001 vtls000175270
003 SK-MaSNL
005 20260302210305.0
008 140301c1984 xo 0 slo
015 |a SNBRB19rr/mm-uuuuu 
035 |a CL0185383 
040 |a SNKBUCL  |b slo  |c SNKBUCL  |e AACR2 
041 0 |a slo 
044 |a xo  |c SK 
080 |a 002.63(47)  |2 1981 
080 |a 023.5  |2 1981 
080 |a 331.875  |2 1981 
100 1 |a Krejčová, Margita  |4 aut  |9 925921 
245 1 0 |a Úspešná odborná diskusia o sústave VTI ZSSR  |c Margita Krejčová 
650 0 7 |a sústava VTEI  |2 snkbucl  |9 528972 
655 7 |a články z novín a časopisov  |2 snkbucl  |9 267496 
655 7 |a články z odboru knihovníctvo  |2 snkbucl  |9 166141 
773 0 |t Knižnice a vedecké informácie  |g Roč. 16, č. 1 (1984), s. 47-48 
850 |a Slovenská národná knižnica v Martine  |a MTA001 
852 |a SNK  |b KIS3GCP 
958 |a RK 
958 |a KL 
992 |a RBX 
999 |c 1481913  |d 1483843